Подробности
| 000 -МАРКЕР |
| контрольное поле |
02506nam0a2200385 4500 |
| 001 - ИДЕНТИФИКАТОР ЗАПИСИ |
| контрольное поле |
RU\NLR\BIBL_A\012699451 |
| 005 - ИДЕНТИФИКАТОР ВЕРСИИ |
| контрольное поле |
20250624122205.0 |
| 035 ## - ДРУГИЕ СИСТЕМНЫЕ НОМЕРА |
| Идентификатор записи |
(NLR Aleph) 012699451 |
| 100 ## - ДАННЫЕ ОБЩЕЙ ОБРАБОТКИ |
| Данные общей обработки |
20220202d1912 |||y0rusy50 ca |
| 101 0# - ЯЗЫК РЕСУРСА |
| Язык текста, звукозаписи и т.д. |
русский |
| 102 ## - СТРАНА ПУБЛИКАЦИИ ИЛИ ПРОИЗВОДСТВА |
| Страна публикации |
Российская Федерация |
| 105 ## - ПОЛЕ КОДИРОВАННЫХ ДАННЫХ: ТЕКСТОВЫЕ МАТЕРИАЛЫ, МОНОГРАФИЧЕСКИЕ |
| Кодированные данные о монографическом текстовом документе |
y g 000 y |
| 181 #0 - ПОЛЕ КОДИРОВАННЫХ ДАННЫХ: ВИД СОДЕРЖАНИЯ |
| Код вида содержания (ISBD) |
i |
| Код характеристики содержания (ISBD) |
axxe |
| 182 #0 - ПОЛЕ КОДИРОВАННЫХ ДАННЫХ: ТИП СРЕДСТВА |
| Код типа средства (ISBD) |
n - непосредственное |
| 200 1# - ЗАГЛАВИЕ И СВЕДЕНИЯ ОБ ОТВЕТСТВЕННОСТИ |
| Основное заглавие |
Прейсъ-Курантъ бемскихъ матовыхъ [и] узорчатыхъ оконныхъ стеколъ и зеркалъ |
| Первые сведения об ответственности |
Торговый Домъ "Бр. И. и Л. Славины" в Одессе |
| 203 ## - ВИД СОДЕРЖАНИЯ И ТИП СРЕДСТВА |
| Вид содержания |
Текст |
| Дополнительные сведения об издании |
визуальный |
| Тип средства |
непосредственный |
| 210 ## - ПУБЛИКАЦИЯ, РАСПРОСТРАНЕНИЕ И ДР. |
| Место издания, распространения и т.д. |
Одесса |
| Имя издателя, распространителя и т. д. |
Типография Гурвица и Оргеевского |
| Дата издания, распространения и т.д. |
[1912] |
| 215 ## - ФИЗИЧЕСКАЯ ХАРАКТЕРИСТИКА |
| Специфическое обозначение материала и объем |
43 с. |
| Размеры |
17 |
| 300 ## - ОБЩИЕ ПРИМЕЧАНИЯ |
| Текст примечания |
Дата издания по году поступления в ИПБ |
| 300 ## - ОБЩИЕ ПРИМЕЧАНИЯ |
| Текст примечания |
На доп. тит. л. (с. 7) заглавие: ЦѢна Бемскаго стекла Одинарной толщины, размерами от 1-го до 9-го разряда включительно, цена показана за один лист : прейсъ-курантъ Торгового Дома "Бр. И. и. Л. Славины" в Одессе |
| 300 ## - ОБЩИЕ ПРИМЕЧАНИЯ |
| Текст примечания |
В колонтитуле заглавие: Торговый Домъ "Бр. И. и Л. Славины", Одесса |
| 327 1# - ПРИМЕЧАНИЯ О СОДЕРЖАНИИ |
| Текст примечания |
Рекламные объявления: с. 14-20 |
| 513 1# - ЗАГЛАВИЕ НА ДОПОЛНИТЕЛЬНОМ ТИТУЛЬНОМ ЛИСТЕ |
| Заглавие на дополнительном титульном листе |
Цена Бемского стекла Одинарной толщины, размерами от 1-го до 9-го разряда включительно, цена показана за один лист : прейскурант Торгового Дома "Бр. И. и. Л. Славины" в Одессе |
| 515 1# - ЗАГЛАВИЕ В КОЛОНТИТУЛЕ |
| Заглавие в колонтитуле |
Торговый Дом "Братья И. и Л. Славины", Одесса |
| 518 1# - ЗАГЛАВИЕ В СТАНДАРТНОМ СОВРЕМЕННОМ ПРАВОПИСАНИИ |
| Основное заглавие, вариант заглавия или унифицированное заглавие |
Прейскурант бемских матовых и узорчатых оконных стекол и зеркал |
| Язык заглавия |
русский |
| 606 1# - НАИМЕНОВАНИЕ ТЕМЫ КАК ПРЕДМЕТ |
| Наименование темы |
Стекло оконное |
| Тематический подзаголовок |
Цены |
| Географический подзаголовок |
Россия |
| Формальный подзаголовок |
Прейскуранты |
| 606 1# - НАИМЕНОВАНИЕ ТЕМЫ КАК ПРЕДМЕТ |
| Наименование темы |
Зеркала |
| Формальный подзаголовок |
Прейскуранты |
| Системный номер авторитетной/нормативной записи |
1300358 |
| Идентификатор авторитетной/нормативной записи |
RU\NLR\AUTH\66221121 |
| 686 1# - ИНДЕКСЫ ДРУГИХ КЛАССИФИКАЦИЙ |
| Индекс |
Л431.1к4 |
| 710 02 - НАИМЕНОВАНИЕ ОРГАНИЗАЦИИ - ПЕРВИЧНАЯ ОТВЕТСТВЕННОСТЬ |
| Начальный элемент ввода |
"Славины, И. Л., братья", торговый дом |
| Идентифицирующий признак |
Одесса |
| Системный номер авторитетной/нормативной записи |
787949 |
| Идентификатор авторитетной/нормативной записи |
RU\NLR\AUTH\880560359 |
| 852 ## - МЕСТОНАХОЖДЕНИЕ И ШИФР ХРАНЕНИЯ |
| Идентификатор организации |
NLR |
| Шифр хранения (Call Number) |
43.13.9.667 |
| 942 ## - ДОПОЛНИТЕЛЬНЫЕ ЭЛЕМЕНТЫ ЗАПИСИ (АБИС) |
| Тип экземпляра АБИС |
Книга |
| 980 ## - КОЛЛЕКЦИЯ |
| Название коллекции |
Национальная библиография |